Farm Tenancies (Record no. 115347)
[ view plain ]
| 000 -LEADER | |
|---|---|
| fixed length control field | 00852cam a22002415a 4500 |
| 001 - CONTROL NUMBER | |
| control field | L158500 |
| 008 - FIXED-LENGTH DATA ELEMENTS--GENERAL INFORMATION | |
| fixed length control field | 150327s2014 xxk f 000 0 eng d |
| 020 ## - INTERNATIONAL STANDARD BOOK NUMBER | |
| International Standard Book Number | 9780948903519 |
| 035 ## - SYSTEM CONTROL NUMBER | |
| System control number | (Sirsi) u158500 |
| 041 0# - LANGUAGE CODE | |
| Language code of text/sound track or separate title | eng |
| 050 04 - LIBRARY OF CONGRESS CALL NUMBER | |
| Classification number | 630.026 |
| 100 1# - MAIN ENTRY--PERSONAL NAME | |
| Personal name | Barr, William |
| 245 00 - TITLE STATEMENT | |
| Title | Farm Tenancies |
| 250 ## - EDITION STATEMENT | |
| Edition statement | 3rd ed |
| 260 ## - PUBLICATION, DISTRIBUTION, ETC. | |
| Place of publication, distribution, etc. | Bungay |
| Name of publisher, distributor, etc. | Morrow & Co. |
| Date of publication, distribution, etc. | 2014 |
| 300 ## - PHYSICAL DESCRIPTION | |
| Extent | 470p, 23cm |
| 520 ## - SUMMARY, ETC. | |
| Summary, etc. | Guide to the law of agricultural tenancies including the occpancy of cottages. This 3rd edition is updated to 1st June 2013 and seeks to place the complex rules of farm tenancies in the context of the many practical dilemmas facing a landowner wondering how to use available rights to their advantage. |
| 651 #4 - SUBJECT ADDED ENTRY--GEOGRAPHIC NAME | |
| Geographic name | ENGLAND AND WALES |
| 690 ## - LOCAL SUBJECT ADDED ENTRY--TOPICAL TERM (OCLC, RLIN) | |
| Topical term or geographic name as entry element | Rural |
| 9 (RLIN) | 6268 |
| 700 1# - ADDED ENTRY--PERSONAL NAME | |
| Personal name | Falkner, James |
| 700 1# - ADDED ENTRY--PERSONAL NAME | |
| Personal name | Slatter, Michele |
| 942 ## - ADDED ENTRY ELEMENTS (KOHA) | |
| Suppress in OPAC | 0 |
| Withdrawn status | Lost status | Source of classification or shelving scheme | Damaged status | Not for loan | Home library | Current library | Shelving location | Date acquired | Total Checkouts | Full call number | Barcode | Date last seen | Copy number | Price effective from | Koha item type |
|---|---|---|---|---|---|---|---|---|---|---|---|---|---|---|---|
| Dewey Decimal Classification | London | London | Books | 27/03/2015 | 630.026 BAR | 30075174 | 06/08/2019 | 1 | 06/08/2019 | Book |